| 000 -LEADER |
| fixed length control field |
00925cam a22002534a 4500 |
| 003 - CONTROL NUMBER IDENTIFIER |
| control field |
OSt |
| 005 - DATE AND TIME OF LATEST TRANSACTION |
| control field |
20200316163704.0 |
| 008 - FIXED-LENGTH DATA ELEMENTS--GENERAL INFORMATION |
| fixed length control field |
200316b ||||| |||| 00| 0 eng d |
| 020 ## - INTERNATIONAL STANDARD BOOK NUMBER |
| International Standard Book Number |
1568983263 (pbk.) |
| 040 ## - CATALOGING SOURCE |
| Original cataloging agency |
DLC |
| Transcribing agency |
DLC |
| Modifying agency |
DLC |
| 082 00 - DEWEY DECIMAL CLASSIFICATION NUMBER |
| Classification number |
711.409 |
| Edition number |
21 |
| Item number |
GAN |
| 100 1# - MAIN ENTRY--PERSONAL NAME |
| Personal name |
Gandelsonas, Mario, |
| Dates associated with a name |
1938- |
| 245 10 - TITLE STATEMENT |
| Title |
Shanghai reflections : |
| Remainder of title |
architecture, urbanism and the search for an alternative modernity : essays / |
| Statement of responsibility, etc |
by Mario Gandelsonas, Ackbar Abbas, and M. Christine Boyer ; edited by Mario Gandelsonas. |
| 250 ## - EDITION STATEMENT |
| Edition statement |
1st ed. |
| 260 ## - PUBLICATION, DISTRIBUTION, ETC. (IMPRINT) |
| Place of publication, distribution, etc |
New York : |
| Name of publisher, distributor, etc |
Princeton Architectural Press, |
| Date of publication, distribution, etc |
c2002. |
| 300 ## - PHYSICAL DESCRIPTION |
| Extent |
217 p. : |
| Other physical details |
ill. (some col.) ; |
| Dimensions |
24 cm. |
| 440 #0 - SERIES STATEMENT/ADDED ENTRY--TITLE |
| Title |
Princeton papers on architecture ; |
| Volume number/sequential designation |
3 |
| 650 #0 - SUBJECT ADDED ENTRY--TOPICAL TERM |
| Topical term or geographic name as entry element |
Architecture |
| Geographic subdivision |
China |
| -- |
Shanghai. |
| 650 #0 - SUBJECT ADDED ENTRY--TOPICAL TERM |
| Topical term or geographic name as entry element |
City planning |
| Geographic subdivision |
China |
| -- |
Shanghai. |
| 651 #0 - SUBJECT ADDED ENTRY--GEOGRAPHIC NAME |
| Geographic name |
Shanghai (China) |
| 700 1# - ADDED ENTRY--PERSONAL NAME |
| Personal name |
Abbas, M. A. |
| Fuller form of name |
(M. Ackbar) |
| 700 1# - ADDED ENTRY--PERSONAL NAME |
| Personal name |
Boyer, M. Christine. |
| 942 ## - ADDED ENTRY ELEMENTS (KOHA) |
| Source of classification or shelving scheme |
|